Napoleon's Guard - Statistics

General Stats
  • This quiz has been taken 16 times
  • The average score is 5 of 15
Answer Stats
Picture Answer % Correct
1st Regiment of Foot Grenadiers
92%
2nd Regiment of Lancers
75%
3rd Regiment of Foot Grenadiers
75%
1st Regiment of Lancers
58%
Empress' Dragoons
50%
Marines
42%
Horse Grenadiers
25%
Horse Artillery
17%
Mounted Chasseurs
17%
1st Regiment of Foot Chasseurs
8%
3rd Regiment of Lancers
8%
Fusiliers-Chasseurs
8%
Fusiliers-Grenadiers
8%
Tirailleurs-Chasseurs
0%
Tirailleurs-Grenadiers
0%
No matching quizzes found
Score Distribution
Percent of People with Each Score
Percentile by Number Answered
Your Score History
You have not taken this quiz